000 00289nam a2200121 i 4500
001 bg
245 0 _aPrace z zakresu rachunkowoĊ›ci /
_cpod red. K. Sawickiego.
260 _aSzczecin,
_c1981.
040 _cBPK
041 _apol
942 _cKS
008 s pl f |000 0 pol
999 _c20318
_d20318
856 _uhttp://koha.tu.koszalin.pl/cgi-bin/koha/opac-detail.pl?biblionumber=20318
_yKatalog online BPK